Visualizzazione normale
Vista MARC
- Rulli Dino
di Personal Name
Records bibliografici associati: 1
001 - CONTROL NUMBER
- control field: 11152
003 - CONTROL NUMBER IDENTIFIER
- control field: IT-RoPau
005 - DATE AND TIME OF LATEST TRANSACTION
- control field: 20140128121854.0
008 - FIXED-LENGTH DATA ELEMENTS
- fixed length control field: 140128|| aca||aabn | a|a d
040 ## - CATALOGING SOURCE
- Original cataloging agency: IT-RoPau
- Transcribing agency: IT-RoPau
100 ## - HEADING--PERSONAL NAME
- Personal name: Rulli Dino
- Miscellaneous information: Codice autore musica SPICS: 13432
- Relator term: Autore musica
- Name of part/section of a work: Appassionatamente - Ivonne
670 ## - SOURCE DATA FOUND
- Source citation: Work cat.: (IT-RoPau)99897: AA.VV. 794, Canzoni d'altri tempi-Seconda raccolta